Limosna (Record no. 157751)

MARC details
000 -LEADER
campo de control de longitud fija 01303nam a2200241 i 4500
001 - NÚMERO DE CONTROL
campo de control 157751
003 - IDENTIFICADOR DE NÚMERO DE CONTROL
campo de control ES-MaACL
005 - FECHA Y HORA DE LA ÚLTIMA TRANSACCIÓN
campo de control 20250717140809.0
008 - DATOS DE LONGITUD FIJA--INFORMACIÓN GENERAL
campo de control de longitud fija 040813s1896 sp agp |||| | spa d
245 00 - MENCIÓN DEL TÍTULO
Título Limosna
Resto del título : [álbum literario-artístico /
Mención de responsabilidad, etc. : publicado por iniciativa de D. Baltasar Champsaur, con el fin de socorrer a las familias de la víctimas de la catástrofe ocurrida en la ciudad de Palma de Mallorca el dia 25 de noviembre de 1895].
260 ## - PUBLICACIÓN, DISTRIBUCIÓN, ETC.
Lugar de publicación, distribución, etc. Madrid :
Nombre del editor, distribuidor, etc. A. Maura,
Fecha de publicación, distribución, etc. 1896 (
Fabricante Lit. Suc. de Rivadeneyra)
300 ## - DESCRIPCIÓN FÍSICA
Extensión [8], 102, [1] p. :
Otras características físicas il., grab. ;
Dimensiones 29 x 42 cm.
500 ## - NOTA GENERAL
Nota general Texto de los principales literatos de España ; dibujos y música de artistas distinguidos ; fotograbados por Laporta.
530 ## - NOTA DISPONIBLE DE FORMULARIO FÍSICO ADICIONAL
Nota de formato físico adicional disponible Disponible en formato digital.
594 ## - Nota al título y mención de responsabilidad
Nota al título y mención de responsabilidad Descripción completada con datos de la BNE.
597 ## - NOTA DE DESCRIPCIÓN FÍSICA
NOTA DE DESCRIPCIÓN FÍSICA Cubierta al cromo.
599 ## - NOTA A LAS ILUSTRACIONES
NOTA A LAS ILUSTRACIONES Portada alegórica dibujada por Francisco Maura y fotograb. por Laporta.
700 1# - ENTRADA AGREGADA--NOMBRE PERSONAL
Nombre de persona Champsaur Sicilia, Baltasar.
9 (RLIN) 148711
700 1# - ENTRADA AGREGADA--NOMBRE PERSONAL
Nombre de persona Laporta, Francisco,
Fechas asociadas al nombre 1850-1914
9 (RLIN) 152865
852 4# - LOCALIZACIÓN
Ubicación ES-MaACL
Número de control de estantería B-1418
Nota libre - Enc. hol. conservando cub. rúst. con el escudo de Mallorca
856 4# - LOCALIZACIÓN Y ACCESO ELECTRÓNICOS
Identificador Uniforme de Recursos <a href="http://hdl.handle.net/10347/14902 ">http://hdl.handle.net/10347/14902 </a>
Nota pública Repositorio Institucional da Universidade de Santiago de Compostela
Holdings
Estatus retirado Estado de pérdida Estado de daño No para préstamo Colección Biblioteca de origen Biblioteca actual Ubicación en estantería Fecha de adquisición Fuente de adquisición Total de préstamos Signatura topográfica completa Código de barras Visto por última vez Precio de reemplazo Tipo de ítem Koha
        Colección digital Biblioteca del Ateneo de Madrid Biblioteca del Ateneo de Madrid Sala Pardo Bazán 17/01/2008     B-1418 1165084 23/02/2023 23/02/2023 Libro impreso antiguo